| 000 | 00759nam a2200217 a 4500 | ||
|---|---|---|---|
| 005 | 20260415064219.0 | ||
| 008 | 100216s1996 es r 000 0 spa d | ||
| 020 | _a8433107410 | ||
| 035 | _aUPN01000174765 | ||
| 049 | _aCG | ||
| 050 | 4 |
_aLB3051 _bM3.7 |
|
| 100 | 1 | _aMartínez Alcolea, Antonio | |
| 245 | 1 | 0 |
_aTécnicas para evaluar la competencia curricular : _beducación primaria / _cAntonio Martínez Alcolea, Angel R. Calvo Rodríguez. |
| 260 |
_aMadrid : _bEscuela española, _c1996. |
||
| 300 |
_a201 p. : _bil. |
||
| 440 | 0 |
_aEducación al día. _pDidáctica y pedagogía |
|
| 650 | 4 |
_aMediciones y pruebas educativas _94299 |
|
| 650 | 4 |
_aEvaluación educativa _94298 |
|
| 700 | 1 |
_aCalvo Rodríguez, Angel Regino, _ecoaut. _936572 |
|
| 905 | _aLibro | ||
| 999 |
_c146869 _d146869 |
||